000 00767nam a2200217Ia 4500
999 _c36017
_d36017
001 1916
003 GE_BSU
005 20221011111556.0
008 181216s2007ru xx |||||||||||||| ||rus||
020 _a9785468000762
040 _cGE_BSU
080 _a347.918(075.8) А-79
245 _aАрбитражный процесс :
_bУчубник для вузов /
_cПод ред. Е.А.Григорьевой.
264 _aМосква :
_bНорма,
_c2007.
300 _a400 с.:
_b21 см.
653 _aАрбитражный процесс
653 _aსაარბიტრაჟო პროცესი
653 _aსამართალი
700 _aГригорьевой, Е.А.
_eრედაქტორი
_915224
942 _cBK
_2udc